|
|
|
|
| LEADER |
00000nam0a2200000 4500 |
| 001 |
335144 |
| 005 |
20231102004726.0 |
| 010 |
|
|
|a 9785811426300
|
| 035 |
|
|
|a (RuTPU)RU\TPU\book\361487
|
| 090 |
|
|
|a 335144
|
| 100 |
|
|
|a 20170915d2017 m y0rusy50 ca
|
| 101 |
0 |
|
|a rus
|
| 102 |
|
|
|a RU
|
| 105 |
|
|
|a a j 001zy
|
| 200 |
1 |
|
|a Органическая химия. Для фармацевтических и химико-биологических специальностей вузов
|e учебное пособие
|f А. Е. Щеголев, И. П. Яковлев
|
| 210 |
|
|
|a Санкт-Петербург
|c Лань
|d 2017
|
| 215 |
|
|
|a 543 с.
|c ил.
|
| 225 |
1 |
|
|a Учебники для вузов. Специальная литература
|
| 225 |
1 |
|
|a Специалитет
|
| 320 |
|
|
|a Библиогр.: с. 542
|
| 330 |
|
|
|a В учебном пособии систематически описаны органические соединения по классам. Наряду со сведениями об основных теоретических аспектах органической химии, номенклатуре, способах получения, физических и химических свойствах органических соединений включены токсикологические и фармакологические характеристики каждого класса веществ и отдельных его представителей.
|
| 606 |
1 |
|
|a Органическая химия
|2 stltpush
|3 (RuTPU)RU\TPU\subj\47309
|9 66362
|
| 610 |
1 |
|
|a учебные пособия
|
| 610 |
1 |
|
|a предельные углеводороды
|
| 610 |
1 |
|
|a алканы
|
| 610 |
1 |
|
|a производные
|
| 610 |
1 |
|
|a насыщенные альдегиды
|
| 610 |
1 |
|
|a кетоны
|
| 610 |
1 |
|
|a карбоновые кислоты
|
| 610 |
1 |
|
|a углеводы
|
| 610 |
1 |
|
|a непредельные углеводороды
|
| 610 |
1 |
|
|a галогенопроизводные
|
| 610 |
1 |
|
|a спирты
|
| 610 |
1 |
|
|a эфиры
|
| 610 |
1 |
|
|a амины
|
| 610 |
1 |
|
|a нитросоединения
|
| 610 |
1 |
|
|a ароматические соединения
|
| 610 |
1 |
|
|a алициклические соединения
|
| 675 |
|
|
|a 547(075.8)
|v 4
|
| 700 |
|
1 |
|a Щеголев
|b А. Е.
|g Александр Евгеньевич
|
| 701 |
|
1 |
|a Яковлев
|b И. П.
|g Игорь Павлович
|
| 801 |
|
1 |
|a RU
|b 63413507
|c 20170915
|
| 801 |
|
2 |
|a RU
|b 63413507
|c 20190822
|g RCR
|
| 942 |
|
|
|c BK
|
| 959 |
|
|
|a 5/20170214
|d 1
|e 1460,00
|f ЧЗТЛ:1
|